UM Logo

Human resource management: (Record no. 4923)

MARC details
000 -LEADER
fixed length control field 01158cam a22003014a 4500
001 - CONTROL NUMBER
control field 740762
005 - DATE AND TIME OF LATEST TRANSACTION
control field 20160930110743.0
008 - FIXED-LENGTH DATA ELEMENTS--GENERAL INFORMATION
fixed length control field 990305s2000 ohua 001 0 eng
010 ## - LIBRARY OF CONGRESS CONTROL NUMBER
LC control number 99020788
020 ## - INTERNATIONAL STANDARD BOOK NUMBER
International Standard Book Number 0324008716
035 ## - SYSTEM CONTROL NUMBER
System control number (DLC) 99020788
040 ## - CATALOGING SOURCE
Original cataloging agency DLC
Transcribing agency DLC
Modifying agency DLC
042 ## - AUTHENTICATION CODE
Authentication code pcc
050 00 - LIBRARY OF CONGRESS CALL NUMBER
Classification number HF5549
Item number .K537 2000
082 00 - DEWEY DECIMAL CLASSIFICATION NUMBER
Classification number DC 658.3
Edition number 2000
Item number K67h
100 1# - MAIN ENTRY--PERSONAL NAME
Personal name Kleiman, Lawrence S.
245 10 - TITLE STATEMENT
Title Human resource management:
Remainder of title a managerial tool for competitive advantage/
Statement of responsibility, etc. Lawrence S. Kleiman.
250 ## - EDITION STATEMENT
Edition statement 2nd edition
260 ## - PUBLICATION, DISTRIBUTION, ETC. (IMPRINT)
Place of publication, distribution, etc. Cincinnati:
Name of publisher, distributor, etc. South-Western College Pub.,
Date of publication, distribution, etc. c2000.
300 ## - PHYSICAL DESCRIPTION
Extent xxvi, 483 pages:
Other physical details illustrations;
Dimensions 26 cm.
500 ## - GENERAL NOTE
General note Includes index.
650 #0 - SUBJECT ADDED ENTRY--TOPICAL TERM
Topical term or geographic name as entry element Personnel management.
856 42 - ELECTRONIC LOCATION AND ACCESS
Materials specified Contributor biographical information
Uniform Resource Identifier <a href="http://www.loc.gov/catdir/enhancements/fy1302/99020788-b.html">http://www.loc.gov/catdir/enhancements/fy1302/99020788-b.html</a>
856 42 - ELECTRONIC LOCATION AND ACCESS
Materials specified Publisher description
Uniform Resource Identifier <a href="http://www.loc.gov/catdir/enhancements/fy1302/99020788-d.html">http://www.loc.gov/catdir/enhancements/fy1302/99020788-d.html</a>
906 ## - LOCAL DATA ELEMENT F, LDF (RLIN)
a 7
b cbc
c orignew
d 1
e ocip
f 19
g y-gencatlg
942 ## - ADDED ENTRY ELEMENTS (KOHA)
Source of classification or shelving scheme Dewey Decimal Classification
Koha item type Circulation
Holdings
Withdrawn status Lost status Source of classification or shelving scheme Damaged status Not for loan Collection code Home library Current library Date acquired Source of acquisition Total Checkouts Full call number Barcode Date last seen Copy number Price effective from Koha item type
    Dewey Decimal Classification     Circulation UM Digos College - LIC UM Digos College - LIC 10/27/2004 Photocopied   DC 658.3 K67h 2000 17913 06/08/2021 1 09/30/2016 Circulation
    Dewey Decimal Classification     Circulation UM Digos College - LIC UM Digos College - LIC 10/27/2004 Photocopied   DC 658.3 K67h 2000 17915 10/01/2016 3 10/01/2016 Circulation